Quiz di cultura generale #17 - Statistics

Statistiche generali
  • Questo quiz è stato fatto 1.338 volte
  • Il punteggio medio è 10 su 20
Statistiche sulle risposte
DOMANDA RISPOSTA % Corretto
Quale attrezzo porta con sé Thor solitamente? Martello
96%
Noto commissario antimafia ucciso a luglio del 1992 Borsellino
82%
La città nota per il parmigiano Parma
80%
Secondo Jules Verne in questo numero di giorni si può fare il giro del mondo 80
77%
Quale atleta spagnolo è conosciuto come "Rafa"? Nadal
76%
Quale stato sudamericano è ultimo alfabeticamente? Venezuela
66%
La sua capitale è Wellington Nuova Zelanda
59%
Qual è lo stato con più seguaci del ramo sciita dell'Islam? Iran
57%
Chi è l'attuale Principe del Galles? William
54%
Quale si può considerare il quarto oceano (dopo Pacifico, Atlantico e Indiano)? Artico
52%
Cantante di "Scende la pioggia" e "Apri tutte le porte" Morandi
49%
Qual è lo stato più a sud di quelli degli Usa? Hawaii
48%
Quale estensione vocale si trova tra tenore e basso? Baritono
40%
In quale nazione si trova il Lago Bajkal? Russia
40%
Qual è l'uomo più longevo della Bibbia? Matusalemme
38%
Quale tipo di albero è associato col Libano, essendo anche presente nella sua bandiera? Cedro
36%
Come si scrive 784 in numeri romani? DCCLXXXIV
30%
Le parole kayak, Bob e radar sono esempi di che cosa? Palindromi/Palindromo
28%
Cosa usano i sottomarini per vedere sopra il mare? Periscopio
17%
In che città si trova il Cristo Redentore italiano? Maratea
13%
Nessun quiz corrispondente trovato
Distribuzione punteggi
Percentuale di utenti per punteggio
Percentile per numero di risposta
I tuoi punteggi nel tempo
Non hai fatto questo quiz